000 00466nam a2200181Ia 4500
001 8705
005 20260306160629.0
008 260306t2009||||xx |||||||||||||| ||spa||
041 _aESP
082 _a371.3
_bG317
100 _aGarnett, S.
_eAUT
245 0 _aCómo usar el cerebro en las aulas:
_bPara mejorar la calidad y acelerar el aprendizaje
260 _c2009
300 _a157páginas :
_c
650 _aGEN
654 _aCED
942 _cLIB
_dJUS
_fJUS
_2ddc
_n
999 _c8705
_d8705